Detekcia a oprava sémantických chýb v kóde v HDL

Salvato in:
Dettagli Bibliografici
Autore principale: Petričko, David (Autore)
Altri autori: Kohútka, Lukáš (Relatore della tesi)
Natura: Manoscritto Libro
Lingua:slovacco
Pubblicazione: 2024
Soggetti:
Accesso online:http://is.stuba.sk/zp/portal_zp.pl?podrobnosti=177141
Tags: Aggiungi Tag
Nessun Tag, puoi essere il primo ad aggiungerne!!

MARC

LEADER 00000ntm a22000003a 4500
001 stuzp100149
003 SK-STU
005 20240608213502.8
007 ta
008 150427s2015----xo-----f-mn---000-0-slo-d
040 |a STU  |b slo 
041 0 |a slo 
100 1 |a Petričko, David  |u 070200  |4 aut  |U FIIT Fakulta informatiky a informačných technológií  |T FIIT Ústav informatiky, informačných systémov a softvérového inžinierstva  |X 97005  |U I200  |Y 179  |7 97005 
242 0 1 |a Detection and Correction od Semantich Errors in HDL Code  |y eng 
245 1 0 |a Detekcia a oprava sémantických chýb v kóde v HDL 
260 |c 2024 
650 4 |a Sémantická analýza  |2 slo 
650 4 |a SystemVerilog  |2 slo 
650 4 |a VHDL  |2 slo 
650 4 |a Syntaktický strom  |2 slo 
650 4 |a Chyby zdrojového kódu  |2 slo 
650 4 |a ANTLR  |2 slo 
650 4 |a Monaco editor  |2 slo 
650 4 |a SystemVerilog  |2 eng 
650 4 |a VHDL  |2 eng 
650 4 |a Semantic analysis  |2 eng 
650 4 |a Syntax tree  |2 eng 
650 4 |a Source code errors  |2 eng 
650 4 |a ANTLR  |2 eng 
650 4 |a Monaco editor  |2 eng 
700 1 |a Kohútka, Lukáš  |u 070200  |k Z1  |4 ths  |U FIIT Fakulta informatiky a informačných technológií  |T FIIT Ústav informatiky, informačných systémov a softvérového inžinierstva  |X 5813  |U I200  |Y 179  |7 A000005813 
856 4 |u http://is.stuba.sk/zp/portal_zp.pl?podrobnosti=177141